000 00314nam a22001337a 4500
008 180918b xxu||||| |||| 00| 0 eng d
020 _a2800784400069
041 _aeng
080 _a621
100 _a26
101 _aENG
245 _aIndruction To Cold Regions Engineering
_cFreitag d,r
942 _2udc
_cBK
999 _c47897
_d47897